The last king of Scotland Ο τελευταίος βασιλιάς της Σκοτίας

Ουγκάντα, αρχές της δεκαετίας του '70. Ο Νίκολας Κάριγκαν είναι ο νεαρός Σκοτσέζος που, από ένα γύρισμα της τύχης, γίνεται ο προσωπικός γιατρός του περιβόητου δικτάτορα της χώρας Ίντι Αμίν. Γοητευμένος από την έντονη προσωπικότητα του νέου του προστάτη, ο Κάριγκαν γίνεται το δεξί του χέρι και π...

Πλήρης περιγραφή

Αποθηκεύτηκε σε:
Λεπτομέρειες βιβλιογραφικής εγγραφής
Άλλοι συγγραφείς: Macdonald, Kevin, 1967- (Διευθυντής), Whitaker, Forest (Ηθοποιός)
Μορφή: Διαφάνειες
Γλώσσα:English
Multiple
Δημοσίευση: [S.l.] : FOX, c2007.
Έκδοση:Special ed.
Θέματα:
Ετικέτες: Προσθήκη ετικέτας
Δεν υπάρχουν, Καταχωρήστε ετικέτα πρώτοι!

MARC

LEADER 00000cgm a2200000 i 4500
001 1/2397
008 091209s2007 xx ||| | || ||eng||
035 |l 10105980 
040 |a GR-MyUa  |b gre  |e AACR2 
041 0 |a eng  |j mul 
082 7 |a 791.437   |2 (22) 
245 0 4 |a The last king of Scotland   |h [μαγνητοσκόπηση] =   |b Ο τελευταίος βασιλιάς της Σκοτίας /   |c directed by Kevin Macdonald. 
246 1 |i Παράλληλος τίτλος:   |a Ο τελευταίος βασιλιάς της Σκοτίας  
250 |a Special ed. 
260 |a [S.l.] :   |b FOX,   |c c2007. 
300 |a 1 βιντεοδίσκος (118 λεπτ.) :   |b ομίλ., έγχρ. ;   |c 4 3/4 ίν. 
500 |a Κυκλοφόρησε πρώτη φορά ως κινηματογραφική ταινία το 2006. 
508 |a Μουσική, Alex Heffes ; μοντάζ, Justine Wright ; σχεδιασμός παραγωγής, Michael Carlin ; διεύθυνση φωτογραφίας, Anthony Dod Mantle ; εκτέλεση παραγωγής, Tessa Ross, Andrew Macdonald, Allon Reich ; παραγωγή, Andrea Calderwood, Lisa Bryer, Charles Steel ; βασισμένο στο μυθιστόρημα του Giles Foden ; σενάριο, Peter Morgan, Jeremy Brock. 
511 0 |a Forest Whitaker, James McAvoy, Kerry Washington, Simon McBurney, Gillian Anderson. 
520 8 |a Ουγκάντα, αρχές της δεκαετίας του '70. Ο Νίκολας Κάριγκαν είναι ο νεαρός Σκοτσέζος που, από ένα γύρισμα της τύχης, γίνεται ο προσωπικός γιατρός του περιβόητου δικτάτορα της χώρας Ίντι Αμίν. Γοητευμένος από την έντονη προσωπικότητα του νέου του προστάτη, ο Κάριγκαν γίνεται το δεξί του χέρι και πιστεύει πως βρήκε επιτέλους την περιπέτεια που αναζητούσε. Πριν περάσει καιρός όμως, οι θηριωδίες του Αμίν θα έρθουν στο προσκήνιο και ο Κάριγκαν θα καταλάβει πως είναι ανίσχυρος απέναντι στα δολοφονικα ξεσπάσματα του τυράννου. 
521 8 |a Ακατάλληλο κάτω των 13. 
546 |a Στα αγγλικά με υπότιτλους στα ελληνικά. 
586 8 |a Βραβείο Όσκαρ καλύτερου ηθοποιού 
600 1 0 |a Amin, Idi,   |d 1925-2003  |v Drama. 
655 7 |a Feature films  |2 lcgft 
700 1 |a Macdonald, Kevin,   |d 1967-  |e drt 
700 1 |a Whitaker, Forest,  |e act 
852 |a INST  |b SYROS  |c AV  |e 20091209  |h 791.437 MAC  |p 005500007993  |q 005500007993  |t DVD  |y 23 
901 |a BIBL5-2008-1 
922 |a 5ΕΛΗ  |b 200709  |c Βιβλιοθήκη Σύρου  |d Anaco 
970 |a Κοντού  |b Παρασκευή  |z 09/12/2009